| 000 | 00777nam a2200217 u 4500 | ||
|---|---|---|---|
| 005 | 20230216063607.0 | ||
| 008 | 090917s2007 ag r 000 0 spa d | ||
| 020 | _a9789870006992 | ||
| 035 | _aUPN01000172337 | ||
| 049 | _aCG | ||
| 050 | 4 |
_aLB3013.3 _bT6.2 |
|
| 100 | 1 | _aTorres, María Viviana | |
| 245 | 1 | 0 |
_aAgresividad en el contexto escolar : _bexploración psicodinámica : diagnóstico y abordaje clínico, familiar y educativo / _cMaría Viviana Torres. |
| 260 |
_aBuenos Aires : _bLumen, _c2007. |
||
| 300 | _a237 p. | ||
| 440 | 0 | _aPrevención e intervención en niños | |
| 650 | 4 |
_aVIOLENCIA ESCOLAR - _zARGENTINA - _xPREVENCION _913907 |
|
| 650 | 2 |
_aIntervención educativa _94972 |
|
| 650 | 2 |
_aViolencia escolar _xAspectos psicológicos _96858 |
|
| 905 | _aLibro | ||
| 999 |
_c144441 _d144441 |
||